| Поле | Инд. | ПП | Название | Значение |
|---|---|---|---|---|
| Тип записи | a | |||
| Библиографический уровень | b | |||
| 001 | Контрольный номер | RU/IS/BASE/128516756 | ||
| 005 | Дата корректировки | 20200630193201.6 | ||
| 084 | a | Индекс другой классификации/Индекс ББК | 60.524.222.24(2Рос); 60.561.4 | |
| 100 | 1_ | a | Автор | Петухов В. В. |
| 100 | 1_ | a | Автор | Пахомова Е. И. |
| 100 | 1_ | a | Автор | Седова Н. Н. |
| 245 | a | Заглавие | Права человека и дискриминационные практики в современной России | |
| 504 | a | Библиография | Библиогр.: с. 47 - 48 | |
| 650 | a | Основная рубрика | социология | |
| a | Основная рубрика | социология права | ||
| 653 | a | Ключевые слова | дискриминация | |
| a | Ключевые слова | дискриминация по вероисповеданию | ||
| a | Ключевые слова | дискриминация по национальному признаку | ||
| a | Ключевые слова | дискриминация по признаку пола | ||
| a | Ключевые слова | права человека | ||
| a | Ключевые слова | Россия | ||
| a | Ключевые слова | социально-экономическая дискриминация | ||
| 773 | t | Заглавие источника | Общественные науки и современность | |
| d | Дата издания источника | 2003 | ||
| g | Прочая информация | № 5. - С. 40 - 48 : табл. | ||
| w | Контрольный № источника | RU/IS/BASE/118154823 | ||
| 901 | t | Тип документа | b |